000 00969nam a2200277 a 4500
001 vtls001193389
003 NLI
005 20210603151054.0
008 120328s1955 ii f001 0 eng d
020 _aRs.2.00
039 9 _y201203281648
_zVLOAD
040 _a NLI
_b eng
_c Entertech IMP - 2012
_e AACR2
041 0 _aeng
044 _aii
084 _a171.A.2753
100 1 _aNijhawan, Dina Nath
_9588663
245 1 0 _aDisplaced persons act 1954 :
_bcompensation and rehabitation act 44 of 1954 with short notes and dosplaced persons rules 1955 compensation displaced ammendment rules 1955 /
_cby Dina Nath Nijhawan
260 _aDelhi :
_bFederal Law Depot ,
_c1955
300 _a96 p. ;
_c24 cm.
887 _a
901 _a314584:
_b02.04.1957
902 _a171.A.2753
942 _2ddc
_cBKS
949 _AVIRTUAITEM
_D10000
_X100
_6IMP000314584ENG
999 _aVIRTUA
_c463591
_d463591
999 _aVTLSSORT0080*0200*0400*0410*0440*0840*1000*2450*2600*3000*9010*9020*9490*9991